| 000 | 00881cad a22002055a 4500 | ||
|---|---|---|---|
| 001 | L158456 | ||
| 008 | 100615u2015 xxk g 000 0 eng d | ||
| 035 | _a(Sirsi) u158456 | ||
| 041 | 0 | _aeng | |
| 110 | 2 |
_aGreat Britain _bHealth and Safety Executive |
|
| 245 | 0 | 0 |
_aDraft Guidance on the Construction (Design and Management) Regulations 2015 _h[electronic resource] |
| 520 | _aProvides draft Legal (L) Series guidance on the legal requirements in the CDM 2015. It is available before the regulations come into force on 6 April, to help anyone who has duties under the Regulations to prepare in advance. | ||
| 590 | _aKA NTK | ||
| 650 | 2 | 4 | _aCDM 2015 |
| 650 | 2 | 4 | _aCDM REGULATIONS |
| 651 | 4 |
_aGreat Britain _y1707- |
|
| 690 |
_aHealth and safety _96244 |
||
| 856 | 4 | 0 |
_uhttps://www.hse.gov.uk/pubns/books/l153.htm _zView the item free of charge at www.hse.gov.uk |
| 942 | _n0 | ||
| 999 |
_c115318 _d115318 |
||